Career development interventions/ (Record no. 159718)

MARC details
000 -LEADER
fixed length control field 00559nam a22001937a 4500
005 - DATE AND TIME OF LATEST TRANSACTION
control field 20190103112750.0
010 ## - LCCN (DPL NO)
LC control number ENG-124624
020 ## - INTERNATIONAL STANDARD BOOK NUMBER
International Standard Book Number 9788192557157
Terms of availability 800.00
035 ## - SYSTEM CONTROL NUMBER
System control number EN-108156
037 ## - SOURCE OF ACQUISITION
Source of stock number/acquisition DBAD/PUB
082 ## - DEWEY DECIMAL CLASSIFICATION NUMBER
Classification number 331.702
100 ## - MAIN ENTRY--PERSONAL NAME
Personal name Mishra, Uday
245 ## - TITLE STATEMENT
Title Career development interventions/
Statement of responsibility, etc by Uday Mishra
260 ## - PUBLICATION, DISTRIBUTION, ETC. (IMPRINT)
Date of publication, distribution, etc 2018
Place of publication, distribution, etc Allahabad
Name of publisher, distributor, etc Anurag Publication
270 ## - ADDRESS
Address 116/70, Lukerganj,
City Allahbad
Postal code 211001
300 ## - PHYSICAL DESCRIPTION
Dimensions 21cm(Hb)
Extent 264p.
500 ## - GENERAL NOTE
General note It includes bibliography
942 ## - ADDED ENTRY ELEMENTS (KOHA)
Item type English Books
Source of classification or shelving scheme Dewey Decimal Classification
Call number suffix MIS
Classification part 331.702
Holdings
Withdrawn status Lost status Not for loan Collection code Home library Current library Date acquired Source of acquisition Cost, normal purchase price Full call number Barcode Copy number Cost, replacement price Koha item type
    Not For Loan Non-fiction D.B.Act.Division Bawana 03/01/2019 DBAD/PUB 800.00 331.702 MIS EN-108156 1 800.00 English Books

© Delhi Public Library
Hit Counter
free hit counter